KASTURBA, GANDHI (Record no. 26103)

MARC details
000 -LEADER
fixed length control field 00302nam a22001337a 4500
003 - CONTROL NUMBER IDENTIFIER
control field SGT
082 ## - DEWEY DECIMAL CLASSIFICATION NUMBER
Classification number 954.034
Item number K15B
100 ## - MAIN ENTRY--PERSONAL NAME
Personal name BASU, APARNA
245 ## - TITLE STATEMENT
Title KASTURBA, GANDHI
260 ## - PUBLICATION, DISTRIBUTION, ETC. (IMPRINT)
Place of publication, distribution, etc INDIA
Name of publisher, distributor, etc GANDHI NATIONAL MEMORIAL SOCIETY
Year of Publication 1915
300 ## - PAGE DESCRIPTION
No. of Pages 68
650 ## - SUBJECT ADDED ENTRY--TOPICAL TERM
Topical term or geographic name as entry element MAHATMA GANDHI
942 ## - ADDED ENTRY ELEMENTS (KOHA)
Source of classification or shelving scheme Dewey Decimal Classification
Koha item type Books
Holdings
Withdrawn status Lost status Source of classification or shelving scheme Damaged status Not for loan Home library Current library Shelving location Date acquired Vendor Name Cost, normal purchase price SGTU Total Checkouts Full call number Accession No. (Barcode) Date last seen Bill Date Koha item type
    Dewey Decimal Classification   Not For Loan SGT Chancellor's Library SGT Chancellor's Library Reference Book 19/04/2024 SGT CHANCELLOR'S COLLECTION 100.00 SGTU   954.034 K15B CH290 19/04/2024 19/04/2024 Books